[Event "TCh-CHN Women"]
[Site "Suzhou, Jiangsu CHN"]
[Date "2001.03.27"]
[Round "2"]
[White "Ning Chunhong"]
[Black "Yu Ting"]
[Result "1/2-1/2"]
[WhiteElo "2287"]
[BlackElo "2177"]

1.e4 c5 2.Nf3 d6 3.Bb5+ Bd7 4.Bxd7+ Qxd7 5.O-O Nf6 6.Re1 e6 7.c4 Be7 8.Nc3 O-O
9.d4 cxd4 10.Nxd4 Nc6 11.b3 a6 12.Bb2 Rfd8 13.Nc2 Ne8 14.Qe2 b6 15.Rad1 Qb7
16.Ne3 Rab8 17.Rd2 b5 18.f4 Na5 19.cxb5 axb5 20.Qf3 Nf6 21.Nf1 Nc6 22.Kh1 Nd7
23.Ng3 Nf6 24.Red1 h6 25.h3 Qb6 26.Nce2 Qc7 27.Rc1 Qb7 28.Rdc2 Rbc8 29.Bxf6 gxf6
30.Nh5 Nb4 31.Qg4+ Kf8 32.Rxc8 Rxc8 33.Qg7+ Ke8 34.Rxc8+ Qxc8 35.Qg8+ Bf8
36.Nxf6+ Ke7 37.Nh7 Nd3 38.Qg3 Qc2 39.Qe3 Nc5 40.Nd4 Qxa2 41.f5 Qb1+ 42.Kh2 Qxe4
43.Qxe4 Nxe4 44.fxe6 fxe6 45.Nxf8 Kxf8 46.Nxe6+ Kf7 47.Nd4  1/2-1/2

[Event "ch-UKR Women"]
[Site "Kramatorsk UKR"]
[Date "2001.03.28"]
[Round "3"]
[White "Melamed,T"]
[Black "Jadvizhena,N"]
[Result "1/2-1/2"]
[WhiteElo "2292"]
[BlackElo "2170"]

1.e4 c5 2.Nf3 d6 3.Bb5+ Bd7 4.Bxd7+ Qxd7 5.c4 Nc6 6.d4 cxd4 7.Nxd4 Nf6 8.Nc3 e6
9.O-O Be7 10.Be3 O-O 11.Qe2 a6 12.Rfd1 Rac8 13.Rac1 Qc7 14.b3 Nd7 15.Qd2 Qb8
16.a4 Rfd8 17.Qe2 Nc5 18.Rb1 Qc7 19.f3  1/2-1/2

[Event "TCh-CHN Women"]
[Site "Suzhou, Jiangsu CHN"]
[Date "2001.03.29"]
[Round "4"]
[White "Zhao Lan"]
[Black "Zhu Chen"]
[Result "0-1"]
[WhiteElo "2200"]
[BlackElo "2538"]

1.e4 c5 2.Nf3 d6 3.Bb5+ Nd7 4.O-O Nf6 5.Re1 a6 6.Bf1 b6 7.c3 Bb7 8.d3 g6
9.Nbd2 e5 10.b3 Qc7 11.Bb2 Bg7 12.d4 O-O 13.dxe5 dxe5 14.Qc2 Rad8 15.g3 Rfe8
16.a4 Bh6 17.Rad1 Nb8 18.Bd3 Re7 19.Nc4 Nc6 20.Bf1 Rxd1 21.Qxd1 Na5 22.Nxa5 bxa5
23.Bd3 c4 24.bxc4 Rd7 25.Qe2 Bf8 26.Kg2 Bc5 27.h3 Ne8 28.Bc1 Re7 29.Nd2 Nd6
30.Nb3 f5 31.f3 fxe4 32.fxe4 Rf7 33.Nxc5 Qxc5 34.Be3 Qc6 35.Bg1 Kg7 36.c5 Nf5
37.Bc4 Rd7 38.Kh2 Ne7 39.Qf2 Ng8 40.Bd5 Rxd5 41.exd5 Qxd5 42.g4 Nf6 43.Qf1 Qh1+
44.Kg3 Ne4+ 45.Rxe4 Qxe4 46.g5 Qf5 47.Qxf5 gxf5 48.c6 Bxc6 49.Bb6 Kg6 50.Bc7 f4+
51.Kf2 Kf5 52.h4 e4 53.Bb6 Bxa4 54.c4 Bb3 55.Bxa5 e3+ 56.Ke2 Bxc4+ 57.Kf3 Bf7
58.Be1 Bh5+ 59.Kg2 f3+ 60.Kf1 Bg4  0-1

[Event "TCh-CHN Women"]
[Site "Suzhou, Jiangsu CHN"]
[Date "2001.03.29"]
[Round "4"]
[White "Ning Chunhong"]
[Black "Gu Xiaobing"]
[Result "1-0"]
[WhiteElo "2287"]
[BlackElo "2262"]

1.e4 c5 2.Nf3 d6 3.Bb5+ Nc6 4.O-O Bd7 5.Re1 a6 6.Bf1 Bg4 7.h3 Bh5 8.c3 Nf6
9.d4 cxd4 10.cxd4 e5 11.g4 Bg6 12.d5 Nb8 13.Nc3 Be7 14.Bd2 h5 15.Nh4 hxg4
16.Nxg6 fxg6 17.hxg4 Nh7 18.Bg2 Ng5 19.Re3 Nd7 20.Rc1 Kf7 21.Rg3 Rh4 22.b4 Qh8
23.Ne2 Nh3+ 24.Bxh3 Rxh3 25.Rxh3 Qxh3 26.Ng3 Nf6 27.Rc7 Nxg4 28.Qf3+ Kg8
29.Qg2 Qh4 30.Nf1 Rf8 31.f3 Nh6 32.Rxb7 Qf6 33.Qh3 Kh7 34.Nh2 Qh4 35.Qxh4 Bxh4
36.Rb6 Bg3 37.Nf1 Rxf3 38.Rxa6 Bf2+ 39.Kg2 Rf6 40.b5 Bc5 41.Be3 Bxe3 42.Nxe3 Rf4
43.Ra4 Nf7 44.Nf1 Nd8 45.Ng3 Nb7 46.Ra7 Nc5 47.b6 Rf8 48.a4 Rb8 49.a5 Kh6
50.Kf3 Rf8+ 51.Ke3 Rb8 52.Ne2 g5 53.Nc3 g4 54.Nb5 g3 55.Nxd6  1-0

[Event "TCh-FRA"]
[Site "Mulhouse FRA"]
[Date "2001.03.30"]
[Round "5"]
[White "Bezold,M"]
[Black "Sokolov,And"]
[Result "1/2-1/2"]
[WhiteElo "2510"]
[BlackElo "2566"]

1.e4 c5 2.Nf3 d6 3.Bb5+ Bd7 4.a4 Nf6 5.Nc3 Nc6 6.O-O e6 7.Re1 Be7 8.Bxc6 Bxc6
9.e5 Ng4 10.exd6 Bxd6 11.h3 Nf6 12.Ne5 Rc8 13.d3 O-O 14.Bg5 h6 15.Bh4 Be7
16.Nb5 Qb6 17.Nxc6 Rxc6 18.b3  1/2-1/2

[Event "TCh-CHN Women"]
[Site "Suzhou, Jiangsu CHN"]
[Date "2001.03.31"]
[Round "6"]
[White "Qin Kanying"]
[Black "Yu Ting"]
[Result "1-0"]
[WhiteElo "2489"]
[BlackElo "2177"]

1.e4 c5 2.Nf3 d6 3.Bb5+ Bd7 4.Bxd7+ Qxd7 5.c4 Nf6 6.Nc3 g6 7.O-O Bg7 8.d4 cxd4
9.Nxd4 Nc6 10.Nde2 O-O 11.f3 Rad8 12.Bg5 a6 13.a4 e6 14.Rb1 Qc7 15.Kh1 Rd7
16.Qd2 Rfd8 17.Qf4 Nh5 18.Bxd8 Qxd8 19.Qe3 Ne5 20.b3 f5 21.exf5 exf5 22.Nd5 Rf7
23.Rbe1 Qh4 24.g3 Qd8 25.f4 Nc6 26.Ng1 Nf6 27.Nxf6+ Qxf6 28.Nf3 h6 29.Qe6 g5
30.Qxf6 Bxf6 31.Re6 g4 32.Nh4 Bxh4 33.gxh4 Nd4 34.Rxh6 Nxb3 35.Rxd6 Nc5 36.a5 Ne4
37.Rd5 Kg7 38.Kg2 Kg6 39.c5 Rc7 40.h5+ Kxh5 41.Rxf5+ Kg6 42.Re5  1-0

[Event "Open"]
[Site "Bled SLO"]
[Date "2001.04.01"]
[Round "9"]
[White "Srebrnic,V"]
[Black "Novak,Je"]
[Result "1/2-1/2"]
[WhiteElo "2242"]
[BlackElo "2112"]

1.e4 c5 2.Nf3 d6 3.Bb5+ Nd7 4.d4 a6 5.Bxd7+ Bxd7 6.O-O cxd4 7.Nxd4 g6 8.c4 Bg7
9.Nc3 Nf6 10.Qd3 O-O 11.f3 Rc8 12.Rd1 Qc7 13.Nd5 Nxd5 14.cxd5 Qc4 15.Be3 Qxd3
16.Rxd3 Rc4 17.Rd2 Rfc8 18.Kf2 Bxd4  1/2-1/2

[Event "TCh-CHN Men"]
[Site "Suzhou, Jiangsu CHN"]
[Date "2001.04.03"]
[Round "8"]
[White "Liang Jinrong"]
[Black "Bu Xiangzhi"]
[Result "1/2-1/2"]
[WhiteElo "2490"]
[BlackElo "2558"]

1.e4 c5 2.Nf3 d6 3.Bb5+ Bd7 4.Bxd7+ Qxd7 5.O-O Nc6 6.b3 Nf6 7.Re1 g6 8.Bb2 Bg7
9.d4 cxd4 10.Nxd4 Nh5 11.Na3 O-O 12.Nc4  1/2-1/2

[Event "TCh-CHN Women"]
[Site "Suzhou, Jiangsu CHN"]
[Date "2001.04.03"]
[Round "8"]
[White "Liu Shilan"]
[Black "Ding Linlin"]
[Result "1-0"]
[WhiteElo "2206"]
[BlackElo "2347"]

1.e4 c5 2.Nf3 d6 3.Bb5+ Nd7 4.d4 cxd4 5.Qxd4 e5 6.Qd3 h6 7.c4 Nf6 8.Nc3 Be7
9.O-O O-O 10.Bxd7 Bxd7 11.b3 a6 12.a4 Qa5 13.Be3 Rac8 14.Rfc1 Be6 15.Nd2 Ng4
16.Nf1 Nxe3 17.Nxe3 Bg5 18.Rd1 Bxe3 19.Qxe3 Qc7 20.Nd5 Bxd5 21.Rxd5 f5 22.exf5 Rxf5
23.Rad1 Rf6 24.a5 Qe7 25.f3 Re6 26.Qe4 Rf6 27.Qd3 Rc6 28.b4 Qc7 29.c5 Qd7
30.cxd6 Re6 31.h3 Rc8 32.Rc5 Rd8 33.Rc7 Qxd6 34.Qxd6 Rexd6 35.Rxd6 Rxd6 36.Rxb7 Kh7
37.Kf2 Rd2+ 38.Kg3 Rb2 39.Rb6 Kg8 40.Kg4 Rxg2+ 41.Kf5 Rg5+ 42.Ke4 Rh5 43.Kd5 Rh4
44.Kxe5 h5 45.Rxa6 Rxb4 46.Rb6 Ra4 47.a6 Ra3 48.Kd5 Kh7 49.Kc6 Rxf3 50.a7 Rf6+
51.Kb7 Rf7+ 52.Ka6  1-0

[Event "ch-PHI"]
[Site "Quezon City PHI"]
[Date "2001.04.05"]
[Round "4"]
[White "Torre,E"]
[Black "Villamayor,B"]
[Result "1/2-1/2"]
[WhiteElo "2546"]
[BlackElo "2560"]

1.e4 c5 2.Nf3 d6 3.Bb5+ Bd7 4.Bxd7+ Qxd7 5.O-O Nf6 6.Re1 Nc6 7.d4 cxd4 8.Nxd4 e6
9.c4 Be7 10.b3 O-O 11.Bb2 Rfd8 12.Nd2 a6 13.Qe2 Rac8 14.Rac1 Nxd4 15.Bxd4 Qc6
16.Bb2 Nd7 17.Nf3 Bf6 18.Bxf6 Nxf6 19.e5 dxe5 20.Nxe5 Qc7 21.Rcd1 Rxd1 22.Rxd1 Rd8
23.Rxd8+ Qxd8 24.g3  1/2-1/2

[Event "FSGM April"]
[Site "Budapest HUN"]
[Date "2001.04.07"]
[Round "12"]
[White "Varga,Zo"]
[Black "Anka,E"]
[Result "1-0"]
[WhiteElo "2503"]
[BlackElo "2425"]

1.e4 c5 2.Nf3 d6 3.Bb5+ Nd7 4.O-O Nf6 5.Re1 a6 6.Bf1 e5 7.c3 Be7 8.d4 O-O
9.h3 Qc7 10.Bg5 h6 11.Bh4 Re8 12.a4 Nf8 13.dxe5 dxe5 14.Bc4 Nh5 15.Bg3 Nxg3
16.fxg3 Be6 17.Nbd2 Bxc4 18.Nxc4 b5 19.axb5 axb5 20.Rxa8 Rxa8 21.Ncxe5 Rd8
22.Qb3 Bd6 23.Ng4 Bxg3 24.Rf1 Qb6 25.c4 b4 26.Qe3 Bc7 27.Nfe5 h5 28.Nxf7 hxg4
29.Nxd8 Bxd8 30.Qd2 Ne6 31.Qd7 Bg5 32.Qf7+ Kh7 33.h4 Be3+ 34.Kh1 Nd4 35.Qh5+ Qh6
36.Qxg4 Qg6 37.Qxg6+ Kxg6 38.g4 Ne6 39.Rf5 Bd4 40.b3 Bc3 41.Kg2 Kh7 42.Kf2 g6
43.Rd5 Bf6 44.g5 Bg7 45.Ke3 Bf8 46.e5 Kg8 47.Rd7 Ng7 48.Ke4 Nf5 49.e6  1-0

[Event "Israel Open Ch"]
[Site "Tel Aviv ISR"]
[Date "2001.04.10"]
[Round "2"]
[White "Berkovich,M"]
[Black "Avrukh,B"]
[Result "0-1"]
[WhiteElo "2413"]
[BlackElo "2600"]

1.e4 c5 2.Nf3 d6 3.Bb5+ Nc6 4.O-O Bd7 5.c3 Nf6 6.Re1 a6 7.Bxc6 Bxc6 8.d4 Bxe4
9.Bg5 Bd5 10.Nbd2 e6 11.c4 Bxf3 12.Qxf3 cxd4 13.Bxf6 gxf6 14.Qxb7 Be7 15.Nb3 Qc8
16.Qe4 f5 17.Qxd4 Rg8 18.Rac1 Qc6 19.g3 Rc8 20.Red1 h5 21.h4 Rg4 22.Qh8+ Kd7
23.Qh7 Rcg8 24.Rc3 R8g7 25.Qh6 R7g6 26.Qe3 Rxh4 27.Kf1 Rh1+ 28.Ke2 Rxd1 29.Kxd1 Qh1+
30.Ke2 Qe4 31.Nd2 Qxe3+ 32.Rxe3 h4 33.Ra3 hxg3 34.fxg3 Bd8 35.Kf3 a5 36.Nb3 Bf6
37.Rxa5 Bxb2 38.Ra7+ Ke8 39.Nd2 Be5 40.Nf1 Rg4 41.Ra4 Rd4 42.Ne3 Rd2 43.c5 d5
44.Ra8+ Kd7 45.Ra7+ Bc7  0-1

[Event "Israel Open Ch"]
[Site "Tel Aviv ISR"]
[Date "2001.04.11"]
[Round "3"]
[White "Boim,I"]
[Black "Acs,P"]
[Result "0-1"]
[WhiteElo "2422"]
[BlackElo "2509"]

1.e4 c5 2.Nf3 d6 3.Bb5+ Bd7 4.Bxd7+ Nxd7 5.O-O Ngf6 6.Re1 e6 7.b3 Be7 8.Bb2 O-O
9.d4 cxd4 10.Nxd4 Nc5 11.Nd2 a6 12.Qe2 Qc7 13.c4 Rfe8 14.Rac1 Nfd7 15.Nf1 Bf6
16.Red1 Qb6 17.Qc2 Rac8 18.Bc3 Ne5 19.Ne2 Red8 20.h3 Bg5 21.Rb1 Bf6 22.Ne3 Qc6
23.f3 b5 24.Ba5 Re8 25.Nd4 Qa8 26.a4 bxa4 27.bxa4 Bg5 28.Ng4 Ncd7 29.Bd2 Rxc4
30.Qa2 Bxd2 31.Qxd2 Rxa4 32.Nxe5 Nxe5 33.Ne2 Qa7+ 34.Kh1 Rd8 35.Qb2 h6 36.Qb3 Ra5
37.Nd4 Rc5 38.Qb6 Qxb6 39.Rxb6 a5 40.Nb3 Rc2 41.Nxa5 Ra8 42.Rb5 Ng6 43.Rxd6 Nh4
44.Rc6 Rxg2 45.Rh5 Rf2 46.Rxh4 Rxa5 47.Kg1 Rxf3 48.Kg2 Raa3 49.e5 Rg3+  0-1

[Event "Israel Open Ch"]
[Site "Tel Aviv ISR"]
[Date "2001.04.14"]
[Round "6"]
[White "Oratovsky,M"]
[Black "Vovsha,E"]
[Result "1-0"]
[WhiteElo "2499"]
[BlackElo "2371"]

1.e4 c5 2.Nf3 d6 3.Bb5+ Bd7 4.Bxd7+ Qxd7 5.c4 Nc6 6.Nc3 g6 7.d4 cxd4 8.Nxd4 Bg7
9.Nde2 Nf6 10.f3 O-O 11.O-O a6 12.a4 Qd8 13.Be3 Nd7 14.Rb1 Qa5 15.Qd2 Rfe8
16.b3 Rac8 17.Rfc1 Nc5 18.Kh1 Rcd8 19.Rd1 e6 20.Rdc1 Qb4 21.Qd1 Qa5 22.Qd2 Qb4
23.Qd1 Qa5 24.Na2 f5 25.exf5 exf5 26.Bg5 Rd7 27.b4 Qxa4 28.Qd5+ Ne6 29.Nec3 Qa3
30.Re1 Bxc3 31.Rxe6 Rxe6 32.Qxe6+ Rf7 33.Nxc3 Qxc3 34.Bh6 Ne7 35.Qd7 Qf6
36.Re1 Kh8 37.Qe8+ Ng8 38.h3 Re7 39.Rxe7 Qxe7 40.Qb8 Qe1+ 41.Kh2 Qe5+ 42.f4 Qe4
43.c5 dxc5 44.Bf8 h5 45.Qc7 Qd4 46.Bd6  1-0

[Event "ch-City"]
[Site "St Petersburg RUS"]
[Date "2001.04.17"]
[Round "7"]
[White "Polaninov,A"]
[Black "Ionov,S"]
[Result "0-1"]
[WhiteElo "2359"]
[BlackElo "2505"]

1.e4 c5 2.Nf3 d6 3.Bb5+ Bd7 4.Bxd7+ Qxd7 5.O-O Nf6 6.Re1 Nc6 7.c3 e6 8.d4 cxd4
9.cxd4 d5 10.e5 Ne4 11.Nbd2 Nxd2 12.Bxd2 Be7 13.Rc1 O-O 14.Bg5 Bb4 15.Re2 Rfc8
16.Rec2 Bf8 17.Bd2 h6 18.Qe2 Ne7 19.Bb4 Rxc2 20.Rxc2 Rc8 21.Bxe7 Bxe7 22.Rxc8+ Qxc8
23.Qd2 a5 24.a3 b5 25.g3 a4 26.Kg2 Qc4 27.h4 Qb3 28.h5 Qc4 29.Qd1 Kf8 30.Qd2 Bd8
31.Qd1 Be7 32.Qb1 Qe2 33.Qc1 Kg8 34.Qc3 Bf8 35.Qc1 Qd3 36.Qc6 Qc4 37.Qe8 Qb3
38.g4 Qxb2 39.g5 Qxa3 40.g6 Qe7 41.Qxb5 a3 42.Qa4 Qd8 43.Kf1 Be7 44.Nh2 Kf8
45.Ng4 fxg6 46.hxg6 Qe8 47.Qc2 Kg8 48.Qb1 Qa4 49.Kg2 Qe8 50.Kf1 Qa8 51.Qb6 Qc8
52.Qb1 Kh8 53.Kg2 Qe8 54.Kf1 Qa8 55.Qa2 Qa6+ 56.Kg2 Qd3 57.f3 Qxg6 58.Kf2 Qd3
59.Kg3 h5 60.Qh2 h4+ 61.Kg2 Qc2+ 62.Nf2 Qg6+ 63.Ng4 Qc2+ 64.Nf2 a2 65.Qf4 Qg6+  0-1

[Event "Open"]
[Site "Dubai UAE"]
[Date "2001.04.18"]
[Round "4"]
[White "Alavi,S"]
[Black "Ghaem Maghami,E"]
[Result "1/2-1/2"]
[WhiteElo "2268"]
[BlackElo "2500"]

1.e4 c5 2.Nf3 d6 3.Bb5+ Bd7 4.Bxd7+ Qxd7 5.O-O Nc6 6.b3 Nf6 7.Re1 g6 8.c3 Bg7
9.d4 cxd4 10.cxd4 d5 11.e5 Ne4 12.Bb2 Bh6 13.Nc3 Nxc3 14.Bxc3 O-O 15.Qd3 Qf5
16.Qxf5 gxf5 17.e6 a5 18.Ne5  1/2-1/2

[Event "zt3.3"]
[Site "HeiBei CHN"]
[Date "2001.04.18"]
[Round "3"]
[White "Yu Shaoteng"]
[Black "Wang Zili"]
[Result "1/2-1/2"]
[WhiteElo "2502"]
[BlackElo "2580"]

1.e4 c5 2.Nf3 d6 3.Bb5+ Bd7 4.Bxd7+ Qxd7 5.c4 Nf6 6.Nc3 Nc6 7.d4 cxd4 8.Nxd4 g6
9.Nce2 Bg7 10.O-O O-O 11.f3 Rfc8 12.b3 a6 13.a4 Qd8 14.Be3 Nd7 15.Rb1 Nc5
16.Kh1 Rab8 17.h3  1/2-1/2

[Event "Classics GM"]
[Site "Gausdal NOR"]
[Date "2001.04.19"]
[Round "5"]
[White "Brynell,S"]
[Black "Akesson,R"]
[Result "0-1"]
[WhiteElo "2489"]
[BlackElo "2463"]

1.e4 c5 2.Nf3 d6 3.Bb5+ Bd7 4.Bxd7+ Nxd7 5.O-O Ngf6 6.Qe2 e6 7.b3 Be7 8.Bb2 O-O
9.c4 Qc7 10.d4 cxd4 11.Nxd4 Rfe8 12.Nc3 a6 13.Rad1 Bf8 14.f4 Rad8 15.Kh1 g6
16.e5 Nh5 17.Ne4 dxe5 18.fxe5 Nxe5 19.g4 f5 20.gxh5 fxe4 21.Qxe4 Bg7 22.hxg6 Nxg6
23.Nxe6 Rxd1 24.Rxd1 Qf7  0-1

[Event "Match"]
[Site "Hampstead ENG"]
[Date "2001.04.22"]
[Round "6"]
[White "Gormally,D"]
[Black "Turner,M"]
[Result "0-1"]
[WhiteElo "2492"]
[BlackElo "2516"]

1.e4 c5 2.Nf3 d6 3.Bb5+ Bd7 4.Bxd7+ Qxd7 5.O-O Nc6 6.c4 g6 7.d4 cxd4 8.Nxd4 Bg7
9.Be3 Nf6 10.f3 Rc8 11.Nc3 Nxd4 12.Qxd4 O-O 13.Qd3 a6 14.a4 Qc6 15.b3 Nd7
16.Nd5 Rfe8 17.Rab1 Nc5 18.Qe2 e6 19.Nb4 Qc7 20.Nd3 Nd7 21.Rfc1 Qb8 22.c5 d5
23.exd5 exd5 24.Qf2 Ne5 25.Rd1 Nc6 26.Kh1 a5 27.Bf4 Qa7 28.Bd6 Nd4 29.Nf4 Nf5
30.Qd2 d4 31.Nd5 Rxc5 32.Bxc5 Qxc5 33.Nf4 Bh6 34.Re1 Rd8 35.Re4 Qc3 36.Qe1 Bxf4
37.Rxf4 Ne3 38.Qh4 Rd7 39.Re4 Kg7 40.Qg5 Qc2 41.Rg1 Nd1 42.Rf1 Nf2+ 43.Kg1 Nxe4
44.fxe4 Qxe4 45.Qxa5 Qe3+ 46.Kh1 Re7 47.Qc5 d3 48.Qc3+ Re5 49.Qc7 Qf4 50.Kg1 Qd4+
51.Kh1 Rf5 52.Rd1 d2  0-1

[Event "2nd ch-EUR Women"]
[Site "Warsaw POL"]
[Date "2001.04.23"]
[Round "2"]
[White "Skripchenko,A"]
[Black "Matnadze,A"]
[Result "1-0"]
[WhiteElo "2441"]
[BlackElo "2331"]

1.e4 c5 2.Nf3 d6 3.Bb5+ Nc6 4.Bxc6+ bxc6 5.O-O e5 6.c3 Nf6 7.d4 Nxe4 8.Re1 Bf5
9.dxe5 d5 10.Qa4 Qb6 11.c4 Bd7 12.Nbd2 Nxd2 13.Bxd2 Be7 14.Bg5 h6 15.e6 fxe6
16.Bxe7 Kxe7 17.Ne5 Be8 18.Qc2 Rf8 19.Qh7 Kd8 20.Qxg7 Rf5 21.Qxh6 Qxb2 22.Qxe6 Qxf2+
23.Kh1 Rf6 24.Qg8 Rf8 25.Qg7 Rb8 26.Nd3 Qf7 27.Qg3 Kc8 28.Qd6 Rb7 29.Nxc5 Rb2
30.Ne6 Qd7  1-0

[Event "zt3.3"]
[Site "HeiBei CHN"]
[Date "2001.04.24"]
[Round "8"]
[White "Zhang Zhong"]
[Black "Zhao Jun"]
[Result "1-0"]
[WhiteElo "2632"]
[BlackElo "2347"]

1.e4 c5 2.Nf3 d6 3.Bb5+ Bd7 4.Bxd7+ Qxd7 5.c4 Nf6 6.Nc3 Nc6 7.d4 cxd4 8.Nxd4 Qg4
9.Qxg4 Nxg4 10.Nxc6 bxc6 11.Bf4 Rb8 12.h3 Nf6 13.O-O-O Nd7 14.Rhe1 g6 15.e5 dxe5
16.Rxe5 Rb7 17.Re2 Nc5 18.Red2 Ne6 19.Na4 f6 20.Be3 Bg7 21.Nc5 Nxc5 22.Rd8+ Kf7
23.Bxc5 Rxd8 24.Rxd8 Bh6+ 25.Kc2 Bf4 26.Ra8 Be5 27.b3 Bd6 28.Rxa7 Rxa7 29.Bxa7 c5
30.Bb6 Ke6 31.a3 Kd7 32.Ba5 f5 33.Bd2 Kc6 34.b4 e5 35.f3 Be7 36.Kb3 Kb6 37.Be3 Kc6
38.Kc3 Kb6 39.a4 Kc6 40.Bxc5 Bxc5 41.bxc5 Kxc5 42.a5  1-0

[Event "2nd ch-EUR Women"]
[Site "Warsaw POL"]
[Date "2001.04.24"]
[Round "3"]
[White "Mashinskaya,I"]
[Black "Prudnikova,S"]
[Result "0-1"]
[WhiteElo "2318"]
[BlackElo "2419"]

1.e4 c5 2.Nf3 d6 3.Bb5+ Nc6 4.Bxc6+ bxc6 5.O-O e5 6.c3 f5 7.d4 cxd4 8.cxd4 fxe4
9.Nfd2 Nf6 10.dxe5 dxe5 11.Qa4 e3 12.fxe3 Be7 13.Ne4 O-O 14.Nbc3 Qb6 15.Bd2 Ba6
16.Nxf6+ Bxf6 17.Rf2 Bd3 18.Ne4 Bh4 19.g3 Be7 20.Rxf8+ Rxf8 21.Nf2 Qxb2 22.Qb3+ Qxb3
23.axb3 Bb5 24.Rxa7 Bc5 25.Ra2 Rd8 26.Kg2 h5 27.Bc3 Bxe3 28.Bxe5 c5 29.Bf4 Bc6+
30.Kf1 Bd4 31.Rd2 Ra8 32.Bd6 Bf3 33.Nd3 Ra1+ 34.Ne1 Bc3 35.Rd3 Bxe1 36.Bxc5 Bg4  0-1

[Event "zt3.3"]
[Site "HeiBei CHN"]
[Date "2001.04.26"]
[Round "10"]
[White "Peng Xiaomin"]
[Black "Wang Zili"]
[Result "1/2-1/2"]
[WhiteElo "2648"]
[BlackElo "2580"]

1.e4 c5 2.Nf3 d6 3.Bb5+ Bd7 4.Bxd7+ Nxd7 5.O-O Ngf6 6.Qe2 e6 7.d3 Be7 8.Ng5 h6
9.Nh3 O-O 10.f4 b5 11.Be3 e5 12.Nd2 a6 13.Kh1 exf4 14.Rxf4 d5 15.Raf1 dxe4
16.dxe4 Bd6 17.Rf5 Qe7 18.Nf2 Rae8 19.b3 Bc7 20.Ng4 Nxg4 21.Qxg4 Ne5 22.Qh3 Qd6
23.Nf3 Re6 24.Nxe5 Rxe5 25.Bf4 Rxf5 26.exf5 Qc6 27.Bxc7 Qxc7 28.f6 Re8 29.fxg7 Re6
30.Qf3 Kxg7 31.h3 Rg6 32.Qc3+ Kg8 33.Rd1 Qe7 34.Qf3 Qf6 35.Qe2 Kg7 36.c4 bxc4
37.bxc4 Rg5 38.Rf1 Qd4 39.Rd1 Qf6 40.Re1 Qd4 41.a4 Rf5 42.Rd1 Rf2 43.Qe1 Qb2
44.Rb1 Qe2 45.Qxe2 Rxe2 46.Rb6 Rc2 47.Rxa6  1/2-1/2

[Event "Zone 3.2a"]
[Site "Manila PHI"]
[Date "2001.04.26"]
[Round "4"]
[White "Antonio,R"]
[Black "Dao Thien Hai"]
[Result "1/2-1/2"]
[WhiteElo "2548"]
[BlackElo "2564"]

1.e4 c5 2.Nf3 d6 3.Bb5+ Nd7 4.d4 Nf6 5.Nc3 a6 6.Bxd7+ Nxd7 7.dxc5 Nxc5 8.Be3 e6
9.Bxc5 dxc5 10.Qxd8+ Kxd8 11.Ne5 Ke8 12.Nc4 b5 13.Nb6 Rb8 14.Nxc8 Rxc8 15.O-O-O Rd8
16.e5 f5 17.Rxd8+ Kxd8 18.a4 b4 19.Ne2 g6 20.c3 bxc3 21.bxc3 Kc7 22.Kc2 Bg7
23.f4 Rb8 24.h4 h5 25.Rd1 Bf8 26.Nc1 Be7 27.Nb3 Rd8 28.Rh1 Kb6 29.g3 Kc6
30.Na5+ Kb6 31.Nc4+ Kc7 32.Nd2 Kc6 33.Rb1 Kc7 34.Nf3 Rb8 35.Rd1 Rd8 36.Rf1 Kc6
37.Rb1 Kc7 38.Nd2 Rb8 39.Re1 Rd8 40.Nc4 Ra8 41.Na5 Kb6 42.Nb3 Kc7 43.Kd3 Rb8
44.Kc4 Rb6 45.Rd1 Kc8 46.Rd2 Bf8 47.Rd3 Be7 48.Rd1 Rb7 49.Rd2 Rb6 50.Rd1 Rb7
51.Rb1 Rb6 52.Kd3 Kc7 53.Kc4 Kc8 54.Rd1 Rb7  1/2-1/2

[Event "2nd ch-EUR Women"]
[Site "Warsaw POL"]
[Date "2001.04.26"]
[Round "5"]
[White "Berend,E"]
[Black "Peptan,C"]
[Result "0-1"]
[WhiteElo "2312"]
[BlackElo "2461"]

1.e4 c5 2.Nf3 d6 3.Bb5+ Nc6 4.O-O Bd7 5.Re1 Nf6 6.h3 a6 7.Bf1 e5 8.c3 Qb6
9.Na3 Be7 10.Nc4 Qc7 11.Ne3 O-O 12.d3 Rfe8 13.g3 Bf8 14.Bg2 h6 15.Nh2 Ne7
16.Nhg4 Nh7 17.h4 h5 18.Nh2 Nf6 19.Nef1 g6 20.Bg5 Bg7 21.Qd2 Be6 22.Bxf6 Bxf6
23.Nf3 d5 24.Ng5 Bxg5 25.Qxg5 Kg7 26.d4 f6 27.Qe3 dxe4 28.Bxe4 cxd4 29.cxd4 Nf5
30.Bxf5 Bxf5 31.d5 Rad8 32.Red1 Rd6 33.Rac1 Qd7 34.Qb3 Be4 35.Kh2 Bxd5 36.Qc2 Bc6
37.Rxd6 Qxd6 38.Ne3 Rd8 39.Rd1 Qe7 40.Rxd8 Qxd8 41.Qc5 Qd7 42.a3 Kf7 43.Qc4+ Qe6
44.Qd3 Kg7 45.Qd2 Qe7 46.Qa5 Qd6 47.Qc3 Qd4 48.Qc2 f5 49.Kg1 f4 50.gxf4 exf4
51.Qc4 Qxb2 52.Ng2 Qb1+ 53.Kh2 Qe4 54.Qxe4 Bxe4 55.Nxf4 Kf6 56.Kg3 b5 57.f3 Bc6
58.Nd3 a5 59.Kf4 b4 60.axb4 a4  0-1

[Event "Open"]
[Site "Cutro ITA"]
[Date "2001.04.27"]
[Round "6"]
[White "Drabke,L"]
[Black "Mollov,E"]
[Result "0-1"]
[WhiteElo "2310"]
[BlackElo "2415"]

1.e4 c5 2.Nf3 d6 3.Bb5+ Bd7 4.Bxd7+ Qxd7 5.c4 Nf6 6.Nc3 Nc6 7.d4 cxd4 8.Nxd4 g6
9.O-O Bg7 10.Nde2 O-O 11.f3 Rad8 12.Bg5 h6 13.Be3 e6 14.Qd2 Kh7 15.Rfd1 b6
16.Rac1 Qb7 17.Nf4 a6 18.Qe2 Rfe8 19.b3 g5 20.Nd3 d5 21.exd5 exd5 22.Qc2 Kg8
23.Nxd5 Nxd5 24.cxd5 Rxd5 25.Bf2 Nd4 26.Bxd4 Bxd4+ 27.Kh1 Be3 28.Re1 Rdd8
29.Rcd1 Bd4 30.Rxe8+ Rxe8 31.Nf2 Bg7 32.Ne4 Qc8 33.Qd3 Qe6 34.Qxa6 g4 35.Re1 Kh8
36.fxg4 Qxg4 37.Qe2 Qg6 38.g4 Bc3 39.Nxc3 Rxe2 40.Nxe2 Qxg4 41.Ng3 f5 42.Re5 f4
43.Nf1 f3 44.Ng3 Qh3  0-1

[Event "TSGM"]
[Site "Belgrade YUG"]
[Date "2001.04.28"]
[Round "8"]
[White "Estrada Nieto,J"]
[Black "Kallio,H"]
[Result "1/2-1/2"]
[WhiteElo "2371"]
[BlackElo "2410"]

1.e4 c5 2.Nf3 d6 3.Bb5+ Nd7 4.d4 cxd4 5.Qxd4 a6 6.Bxd7+ Bxd7 7.Nc3 Bc6 8.Bg5 Nf6
9.O-O-O Nd7 10.Rhe1 f6 11.Bh4 Qa5 12.Kb1 b5 13.Qd2 e5 14.Nd5 Qxd2 15.Rxd2 Rc8
16.Ng1 Kf7 17.f3 g6 18.Bf2 f5 19.Nh3 h6 20.Nb6 Nxb6 21.Bxb6 Be7 22.Nf2 Bb7
23.Ba5 fxe4 24.Nxe4 Bxe4 25.Rxe4 Ke6 26.Bc3 Rc4 27.Rde2 Rxe4 28.Rxe4 g5 29.a4 Rb8
30.axb5 axb5 31.Be1 Bf6 32.Kc1 h5 33.Kd1 d5 34.Rb4 Rb7 35.Rb3 g4 36.Ke2 gxf3+
37.gxf3 Bg5 38.Ra3 Kf5 39.Ra8 Bf4 40.Bg3 Bxg3 41.hxg3 Rg7 42.Rf8+ Ke6 43.Re8+ Kd6
44.Rd8+ Kc6 45.Kf2 Rc7 46.Re8 Kd6 47.Rd8+ Ke6 48.Re8+ Kf6 49.c3 b4 50.Rd8 bxc3
51.bxc3 Rc5 52.Ke2 Ke7 53.Rh8 Rxc3 54.Rxh5 Kd6 55.g4 Rc2+ 56.Kd3 Ra2 57.Rf5 Ke6
58.Rf8 Ra3+ 59.Ke2 Ra7 60.Kd3 Kd6 61.Rd8+ Kc6 62.Rc8+ Kd7 63.Rc5 Kd6 64.Rc8 Ra3+
65.Rc3 Ra1 66.Rc8 d4 67.Rd8+ Ke7 68.Rh8 Re1 69.Rh5 Kd6 70.Rf5 Re3+ 71.Kd2 Ra3
72.Ke2 Ke6 73.f4 Re3+ 74.Kd2 e4 75.Re5+ Kf6 76.Rf5+ Ke6 77.Re5+ Kd6 78.g5 Rd3+
79.Ke2 Re3+ 80.Kd2 Rd3+  1/2-1/2

[Event "TCh-FRA"]
[Site "Montpellier FRA"]
[Date "2001.04.28"]
[Round "8"]
[White "Crut,A"]
[Black "Nezar,M"]
[Result "0-1"]
[WhiteElo "2306"]
[BlackElo "2292"]

1.e4 c5 2.Nf3 d6 3.Bb5+ Bd7 4.Bxd7+ Qxd7 5.O-O Nc6 6.c3 Nf6 7.d4 e6 8.d5 exd5
9.exd5 Ne7 10.Re1 g6 11.c4 Bg7 12.Qe2 Kf8 13.Nc3 Re8 14.Qd3 h6 15.Bf4 Kg8
16.Nb5 Nc8 17.Rxe8+ Nxe8 18.Re1 Kh7 19.Nc3 Nf6 20.h3 a6 21.b3 Re8 22.Rxe8 Qxe8
23.Bd2 Nd7 24.Qe4 Qxe4 25.Nxe4 f5 26.Nc3 b5 27.cxb5 Bxc3 28.Bxc3 axb5 29.b4 Ndb6
30.bxc5 dxc5 31.Bd2 Nxd5 32.Kf1 Nd6 33.Ne5 Ne4 34.Bc1 Nec3 35.a3 Na2 36.Bd2 c4
37.Be1 Kg7 38.g3 Nc1 39.a4 bxa4 40.Nxc4 h5 41.Bd2 Nb3 42.Bg5 Kf7 43.Ke2 Nd4+
44.Kd3 Nf3 45.Bc1 Ke6 46.Bb2 Ng5 47.h4 Ne4 48.Ke2 Ndc3+ 49.Ke1 Kd5 50.Nb6+ Kc5
51.Nd7+ Kb4 52.Ne5 Kb3 53.Bc1 Na2 54.Be3 a3 55.f3 Nec3 56.Nd3 Kc2 57.Bc5 Kxd3
58.g4 fxg4 59.fxg4 hxg4 60.Kf1 Nb1 61.Kg2 Ke4 62.Kg3 Kf5  0-1

[Event "zt3.3 Women"]
[Site "HeiBei CHN"]
[Date "2001.04.29"]
[Round "13"]
[White "Li Ruofan"]
[Black "Gu Xiaobing"]
[Result "1-0"]
[WhiteElo "2278"]
[BlackElo "2242"]

1.e4 c5 2.Nf3 d6 3.Bb5+ Nc6 4.O-O Bd7 5.c3 a6 6.Ba4 c4 7.Bc2 Bg4 8.h3 Bh5
9.Qe2 Ne5 10.g4 Nxf3+ 11.Qxf3 Bg6 12.Na3 Rc8 13.Ba4+ b5 14.Nxb5 Qb6 15.Nxd6+ Kd8
16.Nxc8 Kxc8 17.d3 h5 18.g5 Qa5 19.b3 e6 20.dxc4 Bd6 21.e5 Qxe5 22.Qc6+ Kb8
23.Qb6+ Kc8 24.Qxa6+ Kd8 25.Qa8+ Kc7 26.Qc6+ Kb8 27.Qe8+ Kc7 28.Qd7+ Kb8
29.Qb5+ Kc7 30.Qxe5 Bxe5 31.Bd2 Ne7 32.f4 Bd6 33.b4 Kb7 34.Bd1 Bd3 35.Bf3+ Kb8
36.c5 Bc7 37.Rfd1 Rd8 38.Be3 Nf5 39.Kf2 e5 40.fxe5 Bxe5 41.Be4 Bxc3 42.Bxf5  1-0

[Event "zt3.3 Women"]
[Site "HeiBei CHN"]
[Date "2001.04.29"]
[Round "13"]
[White "Xu Yuhua"]
[Black "Zhao Xue"]
[Result "1-0"]
[WhiteElo "2501"]
[BlackElo "2428"]

1.e4 c5 2.Nf3 d6 3.Bb5+ Nd7 4.d4 cxd4 5.Qxd4 Nf6 6.Bg5 e6 7.Nc3 Be7 8.O-O-O O-O
9.Bxd7 Bxd7 10.e5 dxe5 11.Nxe5 Be8 12.Qh4 Qb6 13.Rd3 Rd8 14.Rh3  1-0

[Event "Bundesliga 2000-1"]
[Site "Plauen GER"]
[Date "2001.04.29"]
[Round "15"]
[White "Van den Doel,E"]
[Black "Bromberger,S"]
[Result "1-0"]
[WhiteElo "2574"]
[BlackElo "2360"]

1.e4 c5 2.Nf3 d6 3.Bb5+ Bd7 4.Bxd7+ Qxd7 5.c4 g6 6.d4 Bg7 7.d5 e6 8.O-O Ne7
9.Nc3 exd5 10.cxd5 O-O 11.Re1 b5 12.e5 dxe5 13.Nxe5 Bxe5 14.Rxe5 b4 15.Ne4 f6
16.Nxc5 Qd6 17.Re6 Qxc5 18.Be3 Qxd5 19.Rxe7 Qxd1+ 20.Rxd1 Nc6 21.Rc7 Rac8
22.Rdd7 Rxc7 23.Rxc7 Ne5 24.Kf1 a5 25.Ke2 Rd8 26.h3 Rd5 27.Rc5 Rxc5 28.Bxc5 Kf7
29.Bb6 Nc4 30.Bc7 Ke6 31.b3 Kd7 32.Bf4 Nb6 33.Kd3 Kc6 34.Kd4 Nd5 35.Bd2 Nc7
36.Kc4 Nb5 37.g4 Nd6+ 38.Kd3 Kd5 39.Be3 Ne4 40.Bb6 Nc3 41.a4 Ne4 42.Ke3 Nc5
43.Bxa5 Nxb3 44.Bxb4 Nd4 45.Bc3  1-0